Bytový dom

Salvato in:
Dettagli Bibliografici
Autore principale: Špaček, Matúš (Autore)
Altri autori: Hanko, Martin (Relatore della tesi)
Natura: Manoscritto Libro
Lingua:slovacco
Pubblicazione: 2024
Soggetti:
Accesso online:http://is.stuba.sk/zp/portal_zp.pl?podrobnosti=168626
https://opac.crzp.sk/?fn=detailBiblioForm&sid=0CD22148AAB768F4955D74857C89
Tags: Aggiungi Tag
Nessun Tag, puoi essere il primo ad aggiungerne!!

MARC

LEADER 00000ntm a22000003a 4500
001 stuzp99192
003 SK-STU
005 20240917150656.3
007 ta
008 150427s2015----xo-----f-mn---000-0-slo-d
040 |a STU  |b slo 
041 0 |a slo 
100 1 |a Špaček, Matúš  |u 010270  |4 aut  |U SvF Stavebná fakulta  |T SvF Katedra technológie stavieb  |X 115904  |U V270  |Y 28  |7 115904 
242 0 1 |a Apartment House  |y eng 
245 1 0 |a Bytový dom 
260 |c 2024 
650 4 |a extenzívna vegetačná strecha  |2 slo 
650 4 |a zelená strecha  |2 slo 
650 4 |a projekt organizácie výstavby  |2 slo 
650 4 |a časový plán  |2 slo 
650 4 |a technologický predpis  |2 slo 
650 4 |a bytový dom  |2 slo 
650 4 |a apartment house  |2 eng 
650 4 |a extensive vegetation roof  |2 eng 
650 4 |a green roof  |2 eng 
650 4 |a construction organization project  |2 eng 
650 4 |a time schedule  |2 eng 
650 4 |a technology prescription  |2 eng 
700 1 |a Hanko, Martin  |u 010270  |k Z1  |4 ths  |U SvF Stavebná fakulta  |T SvF Katedra technológie stavieb  |X 49405  |U V270  |Y 28  |7 A000049405 
856 4 |u http://is.stuba.sk/zp/portal_zp.pl?podrobnosti=168626 
856 4 |u https://opac.crzp.sk/?fn=detailBiblioForm&sid=0CD22148AAB768F4955D74857C89